000
00333nam a22001457a 4500
008
211013b ||||| |||| 00| 0 eng d
020
_a
0808917420
041
_a
eng
080
_a
617
082
_a
617
100
_a
6
101
_a
ANE
245
_a
Handbook of Epidural Anaesthesia and Analgesia
_c
Covino,B.G
942
_2
udc
_c
BK
999
_c
58202
_d
58202